| 000 | 01419nam a2200349 a 4500 | ||
|---|---|---|---|
| 001 | 000113312 | ||
| 003 | CHAP | ||
| 005 | 20220329144348.0 | ||
| 008 | 170605s2016 mx a fsm |||||||spa d | ||
| 010 | _a109773 | ||
| 011 | _a110745 | ||
| 040 | _cCHAP | ||
| 090 | _aTesis | ||
| 100 | 1 |
_aQuiroz Ibáñez, Iván Fermín _9132474 |
|
| 245 | 1 | 0 |
_aÁcaros foréticos asociados a insectos descortezadores (Coleptera: Curculionidae: Scolytinae) de especies forestales en la región centro de México / _h[En línea] _cpor Iván Fermín Quiroz Ibañez. |
| 260 |
_aChapingo, Méx. : _bEl autor, _c2016. |
||
| 500 | _aPara ver el contenido del material haga clic en la liga | ||
| 502 | _aTesis (Ing. Agr. Esp. en Parasitología Agrícola) -- UACH. Departamento de Parasitología Agrícola | ||
| 590 |
_aBATCH-UPD _b05 _c20170605 _lUCH01 _h1308 |
||
| 590 |
_aE8697GMM _b05 _c20170605 _lUCH01 _h1308 |
||
| 590 |
_aE8697GMM _b05 _c20170605 _lUCH01 _h1314 |
||
| 650 | 1 | 4 |
_aÁcaros fitófagos _xIdentificación. _9130836 |
| 650 | 1 | 4 |
_aDendroctonus frontalis _xControl. _9129625 |
| 650 | 1 | 4 |
_aDescortezadores _xHábitos y conducta. _9130795 |
| 650 | 1 | 4 |
_aDescortezadores _xIdentificación. _9130796 |
| 650 | 1 | 4 |
_aIps calligraphus _xControl. _9132483 |
| 650 | 1 | 4 |
_aScolytus schevyrewi _xControl. _9132484 |
| 856 |
_aFinding aid _uhttp://10.13.5.2/tesis/sist113312.pdf _zTeclea aquí |
||
| 901 | _aBK | ||
| 942 | _cTESIS | ||
| 942 | _n0 | ||
| 999 |
_c109773 _d109773 |
||